000 00433cam a22001217a 4500
008 180718b2002 xxu||||| |||| 00| 0 eng d
100 _aClarke, George R.G.
245 _aBanking lending to small businesses in Latin America: does bank origin matter?
_cby George R.G. Clarke et.al.
260 _aWashington, D.C.
_bWorld Bank
_c2002
300 _a36p.
440 _aPolicy research working paper 2760
650 _aBanking --Latin America
999 _c287331
_d287331